000 00280 a2200145 4500
001 61324
020 _a
040 _cAnchieta - Pituba
100 _aTavares, Odorico
240 1 0 _aBahia
_lpor
245 1 0 _aBahia
300 _a130
650 4 _aPoesia brasileira
942 _cBK
999 _c61324
_d61324